[Event "Potiguar-ch"]
[Site "Natal"]
[Date "2013.09.28"]
[Round "2"]
[White "Terto, Raissa Salviano"]
[Black "De Melo, Beatriz Cristina Ol"]
[Result "1-0"]
[WhiteElo "1755"]
[BlackElo "1804"]
[PlyCount "57"]
[EventDate "2013.09.27"]
[EventType "swiss"]
[EventRounds "9"]
[EventCountry "BRA"]
[SourceTitle "EXT 2015"]
[Source "ChessBase"]
[SourceDate "2014.11.20"]
[SourceVersion "1"]
[SourceVersionDate "2014.11.20"]
[SourceQuality "1"]

1. e4 e5 2. Nf3 f5 3. Nxe5 Qf6 4. d4 d6 5. Nc4 fxe4 6. Ne3 Be6 7. d5 Bf7 8. Nc3 Bg6 9. Qg4 Nh6 10. Qc8+ Qd8 11. Qxd8+ Kxd8 12. Bc4 c6 13. 0-0 Be7 14. f3 exf3 15. Rxf3 Re8 16. Bb3 a6 17. Bd2 c5 18. a4 Nd7 19. Nc4 Kc8 20. a5 Bd8 21. Nxd6+ Kb8 22. Nxe8 Bxe8 23. Bxh6 gxh6 24. Re1 Bg6 25. Re6 Ka7 26. Na4 Bxa5 27. Re7 Nb6 28. Nxc5 Bb4 29. Rxb7# 1-0

[Event "Natal Potiguar op"]
[Site "Natal"]
[Date "2013.07.05"]
[Round "2"]
[White "Francelli, Derli"]
[Black "Terto, Raissa Salviano"]
[Result "1-0"]
[WhiteElo "1666"]
[BlackElo "1755"]
[PlyCount "53"]
[EventDate "2013.07.05"]
[EventType "swiss"]
[EventRounds "6"]
[EventCountry "BRA"]
[SourceTitle "EXT 2014"]
[Source "ChessBase"]
[SourceDate "2013.11.20"]
[SourceVersion "1"]
[SourceVersionDate "2013.11.20"]
[SourceQuality "1"]

1. d4 d5 2. c4 Nf6 3. cxd5 Nxd5 4. e4 Nf6 5. Nc3 e6 6. Nf3 Bb4 7. e5 Nd5 8. Bd2 c5 9. a3 cxd4 10. Nxd4 Bc5 11. Nf3 0-0 12. Ne4 Qb6 13. Nxc5 Qxc5 14. Rc1 Qb6 15. Rc2 Nc6 16. Bd3 Nd4 17. Bxh7+ Kxh7 18. Ng5+ Kg6 19. 0-0 f6 20. exf6 Kxf6 21. Nh7+ Ke7 22. Bg5+ Kd6 23. Nxf8 Bd7 24. Nxd7 Kxd7 25. Rd2 Nc6 26. Qg4 Kc7 27. Qxe6 1-0

[Event "Natal Potiguar op"]
[Site "Natal"]
[Date "2012.06.10"]
[Round "7"]
[White "Terto, Raissa Salviano"]
[Black "De Almeida, Valdemiza Gurgel"]
[Result "0-1"]
[WhiteElo "1800"]
[BlackElo "1405"]
[PlyCount "52"]
[EventDate "2012.06.07"]
[EventType "swiss"]
[EventRounds "7"]
[EventCountry "BRA"]
[SourceTitle "CBM 148 Extra"]
[Source "ChessBase"]
[SourceDate "2012.06.22"]
[SourceVersion "1"]
[SourceVersionDate "2012.06.22"]
[SourceQuality "1"]

1. e4 d6 2. d4 Nf6 3. Nc3 g6 4. Be3 Bg7 5. Bc4 0-0 6. Qd2 Nbd7 7. 0-0-0 c6 8. Nf3 b5 9. Bd3 Rb8 10. e5 Nd5 11. Nxd5 cxd5 12. Bh6 Qb6 13. h4 b4 14. h5 Qa5 15. a3 Ba6 16. hxg6 Bxd3 17. Bxg7 Bxg6 18. Qh6 Rbc8 19. Kd2 bxa3+ 20. Ke3 axb2 21. Ng5 Qc3+ 22. Kf4 dxe5+ 23. dxe5 Rc4+ 24. Ne4 Rxe4+ 25. Kg5 f6+ 26. exf6 Qe5# 0-1

[Event "Natal Potiguar op"]
[Site "Natal"]
[Date "2012.06.07"]
[Round "1"]
[White "Terto, Raissa Salviano"]
[Black "Maracaba, Francisco Wladimir"]
[Result "0-1"]
[WhiteElo "1800"]
[BlackElo "1993"]
[PlyCount "72"]
[EventDate "2012.06.07"]
[EventType "swiss"]
[EventRounds "7"]
[EventCountry "BRA"]
[SourceTitle "CBM 148 Extra"]
[Source "ChessBase"]
[SourceDate "2012.06.22"]
[SourceVersion "1"]
[SourceVersionDate "2012.06.22"]
[SourceQuality "1"]

1. e4 g6 2. d4 Bg7 3. Nf3 d6 4. Bc4 Nf6 5. Ng5 0-0 6. Bxf7+ Rxf7 7. Nxf7 Kxf7 8. Nc3 b6 9. e5 dxe5 10. dxe5 Qxd1+ 11. Nxd1 Ng4 12. f4 Ba6 13. h3 Nh6 14. Nc3 e6 15. Be3 Nf5 16. Bf2 Nc6 17. 0-0-0 Ke8 18. g4 Nfe7 19. Ne4 Nd5 20. Bg3 h6 21. Rd2 Rd8 22. h4 Ne3 23. Rxd8+ Kxd8 24. g5 Bf1 25. Bf2 Bg2 26. Re1 Nd5 27. Bg3 Bf3 28. gxh6 Bxh6 29. Ng5 Bxg5 30. hxg5 Nd4 31. Bf2 Nxf4 32. c4 Ng2 33. Rh1 Nf4 34. Rh8+ Kd7 35. Rf8 Be4 36. a3 Nd3+ 0-1

[Event "BRA-ch U16 Girls"]
[Site "Sao Paulo"]
[Date "2012.04.28"]
[Round "2"]
[White "Hoshino, Meilin"]
[Black "Terto, Raissa Salviano"]
[Result "0-1"]
[WhiteElo "1673"]
[BlackElo "1800"]
[PlyCount "54"]
[EventDate "2012.04.28"]
[EventType "swiss"]
[EventRounds "7"]
[EventCountry "BRA"]
[SourceTitle "CBM 148 Extra"]
[Source "ChessBase"]
[SourceDate "2012.06.22"]
[SourceVersion "1"]
[SourceVersionDate "2012.06.22"]
[SourceQuality "1"]

1. d4 Nc6 2. c4 e6 3. Nf3 Bb4+ 4. Nc3 d5 5. cxd5 exd5 6. Bf4 Nf6 7. e3 Ne4 8. Bd3 Nxc3 9. bxc3 Bxc3+ 10. Nd2 Nb4 11. Bc2 Bxa1 12. 0-0 Nxc2 13. Qxc2 Bxd4 14. exd4 c6 15. Ra1 Be6 16. Bg3 h5 17. Bh4 Qxh4 18. Nb3 Qf4 19. Qd2 Qxd2 20. Nxd2 0-0-0 21. Kf1 Bf5 22. Re1 Rhf8 23. Re3 Rfe8 24. Rf3 Be4 25. Rxf7 Bd3+ 26. Kg1 Re1+ 27. Nf1 Rxf1# 0-1